000 00822nam a22002651 4500
001 33464
003 BD-RjUL
005 20211209052019.0
008 140508s1961 nyua b 001 0 eng
035 _a(BD-RjUL)33555
035 _a(OCoLC)255056
040 _aDLC
_cODaWU
_dOCoLC
_dUk
_dDLC
_dBD-RjUL
_beng
041 _aeng
082 _a301.155
_bLEA 1961
245 1 0 _aLeadership and interpersonal behavior /
_cedited by Luigi Petrullo [and] Bernard M. Bass.
260 _aNew York :
_bHolt, Rinehart and Winston,
_c1961.
300 _axxxiii, 382 p. :
_bill. ;
_c22 cm.
504 _aIncludes bibliography and index.
650 0 _aLeadership.
_9101558
700 1 _aBass, Bernard M.,
_ejoint ed.
_9101559
700 1 _aPetrullo, Luigi,
_9101560
942 _2ddc
_cBK
999 _c33464
_d33464